MARC details
| 000 -CABECERA |
| campo de control de longitud fija |
01301nam a2200301 a 4500 |
| 001 - NÚMERO DE CONTROL |
| campo de control |
000013426 |
| 003 - IDENTIFICADOR DEL NÚMERO DE CONTROL |
| campo de control |
DO-SdBNP |
| 005 - FECHA Y HORA DE LA ÚLTIMA TRANSACCIÓN |
| campo de control |
20260321073639.0 |
| 008 - DATOS DE LONGITUD FIJA--INFORMACIÓN GENERAL |
| campo de control de longitud fija |
091124s1990 dr ac 001 0 spa d |
| 040 ## - FUENTE DE LA CATALOGACIÓN |
| Centro catalogador/agencia de origen |
DO-SdBNP |
| Lengua de catalogación |
spa |
| Centro/agencia transcriptor |
BNPHU |
| 082 ## - NÚMERO DE LA CLASIFICACIÓN DECIMAL DEWEY |
| Número de clasificación |
324.97293054 |
| Número de documento/Ítem |
E38d |
| 245 00 - MENCIÓN DE TÍTULO |
| Título |
Elecciones ´90 : |
| Resto del título |
discursos pronunciados ante la Cámara Americana de Comercio. |
| 260 ## - PUBLICACIÓN, DISTRIBUCIÓN, ETC. |
| Lugar de publicación, distribución, etc. |
Santo Domingo : |
| Nombre del editor, distribuidor, etc. |
American Chamber of Commerce of the Dominican Republic, |
| Fecha de publicación, distribución, etc. |
1990. |
| Fabricante |
Taller |
| 300 ## - DESCRIPCIÓN FÍSICA |
| Extensión |
137 p. : |
| Otras características físicas |
il., retrs. ; |
| Dimensiones |
23 cm. |
| 500 ## - NOTA GENERAL |
| Nota general |
Discursos pronunciados ante la Cámara Americana de Comercio por Froilán J.R. Tavares, Juan Bosch, José F. Peña Gómez, Jacobo Majluta y Joaquín Balaguer. |
| 590 ## - NOTA LOCAL (RLIN) |
| Nota local |
Inventariado, 2018/BT |
| 600 14 - PUNTO DE ACCESO ADICIONAL DE MATERIA--NOMBRE DE PERSONA |
| Nombre de persona |
Tavares, Froilán J.R. |
| Subdivisión general |
Discursos |
| 9 (RLIN) |
30676 |
| 600 10 - PUNTO DE ACCESO ADICIONAL DE MATERIA--NOMBRE DE PERSONA |
| Nombre de persona |
Bosch, Juan, |
| Fechas asociadas al nombre |
1909-2001 |
| 9 (RLIN) |
76555 |
| 600 10 - PUNTO DE ACCESO ADICIONAL DE MATERIA--NOMBRE DE PERSONA |
| Nombre de persona |
Peña Gomez, Jose Francisco , |
| Fechas asociadas al nombre |
1937-1998 |
| Subdivisión general |
Discursos |
| 9 (RLIN) |
2994 |
| 600 14 - PUNTO DE ACCESO ADICIONAL DE MATERIA--NOMBRE DE PERSONA |
| Nombre de persona |
Majluta, Jacobo, |
| Subdivisión general |
Discursos |
| 9 (RLIN) |
30679 |
| 600 10 - PUNTO DE ACCESO ADICIONAL DE MATERIA--NOMBRE DE PERSONA |
| Nombre de persona |
Balaguer, Joaquín, |
| Fechas asociadas al nombre |
1906-2002 |
| Subdivisión general |
Discursos |
| 9 (RLIN) |
76556 |
| 650 14 - PUNTO DE ACCESO ADICIONAL DE MATERIA--TÉRMINO DE MATERIA |
| Término de materia o nombre geográfico como elemento de entrada |
Elecciones |
| Subdivisión geográfica |
Repúlica Dominicana |
| 9 (RLIN) |
30681 |
| 650 14 - PUNTO DE ACCESO ADICIONAL DE MATERIA--TÉRMINO DE MATERIA |
| Término de materia o nombre geográfico como elemento de entrada |
Presidentes |
| Subdivisión geográfica |
República Dominicana |
| 9 (RLIN) |
599 |
| 700 12 - PUNTO DE ACCESO ADICIONAL--NOMBRE DE PERSONA |
| Nombre de persona |
Wilson A., Rood, |
| Término indicativo de función/relación |
pról. |
| 9 (RLIN) |
30683 |
| 710 2# - PUNTO DE ACCESO ADICIONAL--NOMBRE DE ENTIDAD CORPORATIVA |
| Nombre de entidad corporativa o nombre de jurisdicción como elemento de entrada |
Cámara Americana de Comercio |
| 9 (RLIN) |
30682 |
| 910 ## - DATOS DE OPCIÓN DEL USUARIO (OCLC) |
| Datos de opción del usuario |
Validado. Control de calidad. MFF |
| 942 ## - ELEMENTOS DE PUNTO DE ACCESO ADICIONAL (KOHA) |
| Fuente del sistema de clasificación o colocación |
Dewey Decimal Classification |
| Tipo de ítem Koha |
Libro |